000 01371cam a2200349 a 4500
001 2563
005 20240207102428.0
020 _a9780545206983 (pbk.)
020 _a0545206987
020 _a9780545206914 (hbk.)
020 _a054520691X (hbk.)
040 _aBTCTA
_beng
_cBTCTA
_dGO3
_dUPZ
_dIH7
_dJO6
_dYDXCP
_dBDX
_dDLC
050 0 0 _aPZ7.T211115
_bBom 2011
082 0 0 _a813.6
_223
100 1 _aTarshis, Lauren
245 1 4 _aThe bombing of Pearl Harbor, 1941 /
_cby Lauren Tarshis ; illustrated by Scott Dawson
246 3 _aI survived the bombing of Pearl Harbor, 1941
250 _aFirst printing, September 2011
260 _aNew York :
_bScholastic,
_c2011
300 _a86 pages :
_billustrations ;
_c19 cm
490 1 _aI survived
505 _aP
520 _aSand flew up into Danny's eyes. And then from behind him, a huge explosion seemed to shatter the world. The force lifted Danny off his feet and threw him onto the ground. And then Danny couldn't hear anything at all.
521 1 _a620
_bLexile
521 0 _aP
_bRaz-Plus
650 0 _aPearl Harbor (Hawaii), Attack on, 1941
_vJuvenile fiction.
650 0 _aWorld War, 1939-1945
_zPacific Area
_vJuvenile fiction.
655 7 _aHistorical fiction.
_2gsafd
700 1 _aDawson, Scott
_eillustrator
906 _a7
_bcbc
_ccopycat
_d2
_encip
_f20
_gy-gencatlg
942 _2ddc
_cBK
_n0
999 _c2563
_d2563